| 000 | 00500nam a2200169 i 4500 | ||
|---|---|---|---|
| 001 | 145564 | ||
| 003 | ES-MaACL | ||
| 005 | 20230906201246.0 | ||
| 007 | t| | ||
| 008 | 071015s1957 sp ||||1| spa d | ||
| 100 | 1 |
_aBarrio, Juan Ventura. _925996 |
|
| 245 | 1 | 0 |
_aCeniza era la arena _b: novela / _cJuan Ventura Barrio. |
| 260 |
_aMadrid : _b[s.n.], _c1957 ( _fImp. La Rafa) |
||
| 300 |
_a152 p. : _bil. ; _c21 cm. |
||
| 852 |
_aES-MaACL _jC-12194 _bR.40303 |
||
| 852 |
_aES-MaACL _jC-12193 _bR.40339 |
||
| 999 |
_c145564 _d145564 |
||